| 000 | 00000nam##2200000za#4500 |
| 001 | 9.696846 |
| 003 | CaOODSP |
| 005 | 20210624235222 |
| 007 | cr ||||||||||| |
| 008 | 150407|2001||||xxc|||||o f|0| 0 eng|d |
| 040 | |aCaOODSP|beng |
| 043 | |an-cn--- |
| 086 | 1 |aE97-70/2001E-PDF |
| 110 | 1 |aCanada.|bInternational Development Research Centre. |
| 245 | 10|aLarge mines and the community : |h[electronic resource]|bsocioeconomic and environmental effects in Latin America, Canada, and Spain / |cedited by Gary McMahon and Felix Remy. |
| 260 | |aOttawa - Ontario : |bInternational Development Research Centre |cc2001. |
| 300 | |a344p.|bfigs., graphs, references, tables |
| 590 | |a12-41-Supp|b2012-11-07 |
| 690 | 07|aEnvironmental conservation|2gcpds |
| 690 | 07|aSocioeconomic analysis|2gcpds |
| 690 | 07|aCommunity development|2gcpds |
| 690 | 07|aMining industry|2gcpds |
| 856 | 40|ahttp://publications.gc.ca|qPDF|s18.44 MB|uhttps://publications.gc.ca/collections/collection_2012/crdi-idrc/E97-70-2001-eng.pdf |